000 00387nam a2200145Ia 4500
008 090122s9999 xx 000 0 und d
082 _b5320
_a613
100 _aशिंदे
_bआनंद
_cडॉ
245 _aमेनोपॉज
600 _aशिंदे
630 _aमेनोपॉज
700 _aशिंदे
730 _aमेनोपॉज
942 _cBOOK
999 _c29398
_d29398